000 00606nam a2200205Ia 4500
003 OSt
005 20240830150335.0
008 220927b |||||||| |||| 00| 0 eng d
037 _cTextual
040 _aSDCL
_cSDCL
_bsan
041 _2san
_asan
082 _aR641xK60,1 L7
100 _aBhaskara, Laugaksi
_9405348
245 0 _aArtha - samgraha .
260 _aVaranasi
_bChaukhamba Orientalia
_c1977
300 _a225p.
700 _a Upadhyaya Vachaspati
_9405349
942 _hR641xK60,1 L7
_cTEXL
_2CC
999 _c720999
_d720999